000 00513nam a2200217Ia 4500
005 20250425161823.0
008 250425s9999 xx 000 0 und d
041 _aspa
082 _a914
245 0 _aECUADOR EN LA ANTARTIDA
250 _a1A ED.
260 _aEcuador
_bARMADA DEL ECUADOR
_c1998
260 _aS.L.
300 _a100
500 _a+ O1 CD ROM
650 _aANTARTIDA
650 _aARMADA DEL ECUADOR
650 _aEXPEDICION ANTARTICA ECUATORIANA
942 _c01
010 _a31019
999 _c216777
_d216777